000 00448pam a2200157a 44500
008 230515b1977 xxu||||| |||| 00| 0 eng d
020 _aNULL
041 _aENGLISH
082 _a630
100 _aIS:2720-1977
245 _aMETHODS OF TEST FOR SOILS PART-14 DETERMINATION DENSITY INDEX OF COHESION LESS SOILS PART -XII MEASUREMENT OF SWELLING PRESSURE OF SOILS
250 _a0
260 _aDELHI
_bISI
_c1977
300 _a23
650 _aNULL
999 _c652616
_d652616